| 000 | 00627cam a22001937i 4500 | ||
|---|---|---|---|
| 005 | 20241008162341.0 | ||
| 010 | _aENG-141969 | ||
| 020 |
_a9789387707887 _c500.00 |
||
| 035 | _aEN-125501 | ||
| 037 | _bDBAD | ||
| 082 | _aS | ||
| 100 | 1 |
_aDesai, Berjis _972479 |
|
| 245 | 1 | 4 |
_aOh! Those Parsis _cBy Berjis Desai _bA to Z of the Parsi Way of Life/ |
| 250 | _a1 | ||
| 260 |
_aChennai _bZero Degree Publishing _c2019 |
||
| 270 |
_a12/7, Bay line Apartments 2nd cross street, R.K.Nagar _bThiruvanmiyur, Chennai _e600041 _k9840065000 _mzerodegreepublishing@gmail.com |
||
| 300 |
_a292 pages; _c22cm(hb) |
||
| 942 |
_2ddc _cEN _hS _mDES |
||
| 999 |
_c206175 _d206175 |
||